Missing Word: 'B' Science Quiz Stats

Quiz Updated Sep 12, 2016

Challenge
Share
Tweet
Embed
Score 0/20 Timer 03:00
0 Plays Today
Hint Missing 'B' Word % Correct
White _____ cellBlood
92.9%
Bunsen ______Burner
90.7%
Big ____Bang
90.7%
_____ holeBlack
86.2%
Acid and ____Base
81.5%
Covalent ____Bond
73.4%
Marine _______Biology
71.8%
Niels ____Bohr
70.9%
Lobes of the _____Brain
67.7%
_______ pointBoiling
65.7%
Hint Missing 'B' Word % Correct
Kuiper ____Belt
45.1%
Universal Serial ___Bus
41%
Fermions and ______Bosons
34.6%
Cosmic __________ radiationBackground
30.6%
Nitrogen-Fixing ________Bacteria
27.4%
______ quarkBottom
25.3%
________ motionBrownian
23.3%
Stefan–_________ constantBoltzmann
15.2%
________ distributionBinomial
13%
_______ ringBenzene
11.4%

Today's Daily Dose

You're not logged in!

Compare scores with friends on all Sporcle quizzes.
Join for Free
OR
Log In

You Might Also Like...

Show Comments

Extras

Top Quizzes Today


Score Distribution

Your Account Isn't Verified!

In order to create a playlist on Sporcle, you need to verify the email address you used during registration. Go to your Sporcle Settings to finish the process.

Report this User

Report this user for behavior that violates our Community Guidelines.

Details: